000 00794nam a2200253Ia 4500
003 OSt
005 20220918171210.0
006 a|||||r|||| 00| 0
007 ta
008 220917b |||||||| |||| 00| 0 eng d
020 _a9781409404354
_c4587
024 _a255,441
037 _b33105, 07/10/2011, Segment Book Distributors
_cTextual
040 _aARTS
_cARTS
_beng
041 _2eng
_aeng
082 _aX:77.6, Q1
100 _aBhengu Mfuniselwa J
_934704
245 0 _aAfrican economic humanism
_b Rise of an African economic philosophy
260 _aSurrey
_bGower England
_c2011
300 _ax,232p.
_ccm.
650 _aECONOMICS
942 _hX:77.6, Q1
_cTEXL
_2CC
999 _c138282
_d138282